Flavins and flavoproteins : proceedings of the 6th International Symposium on Flavins and Flavoproteins

Shranjeno v:
Bibliografske podrobnosti
Format: Knjiga
Jezik:Undetermined
Izdano: Tokyo Japan Scientific Societies Press c1980
Teme:
Oznake: Označite
Brez oznak, prvi označite!
Thư viện lưu trữ: Trung tâm Học liệu Trường Đại học Cần Thơ
LEADER 00611nam a2200193Ia 4500
001 CTU_127252
008 210402s9999 xx 000 0 und d
082 |a 574.19 
082 |b F589 
245 0 |a Flavins and flavoproteins : 
245 0 |b proceedings of the 6th International Symposium on Flavins and Flavoproteins 
245 0 |c edited by Kunio Yagi, Toshio Yamano 
260 |a Tokyo 
260 |b Japan Scientific Societies Press 
260 |c c1980 
650 |a Flavins,Flavoproteins 
650 |x Congresses,Congresses 
904 |i Hiếu 
980 |a Trung tâm Học liệu Trường Đại học Cần Thơ